000 00828nam a22002297a 4500
003 UA-OsUOA
001 126449
007 ta
008 20171023b un ||||| |||| 00| 0 ukr d
090 _a364(075.8)
_bП86
942 _cBK
040 _aUA-OsUOA
_bukr
_cUA-OsUOA
_dUA-OsUOA
245 _aПсихосоціальна підтримка в умовах надзвичайних ситуацій: підхід резилієнс
_bнавчально-методичний посібник
_cза заг. ред. Н. Гусак
300 _a92 с.
955 _a2
041 _aukr
080 _a364(075.8)
020 _a978-966-2410-88-4
260 _aК.
_bНаУКМА
_c2017
650 7 _a36 Забезпечення духовних та матеріальних життєвих потреб
_2UDC
999 _c397496
_d397496